| 000 | 00657nam a2200145Ia 4500 | ||
|---|---|---|---|
| 008 | 220216s9999 xx 000 0 und d | ||
| 100 | _aGeorge K T | ||
| 245 | 0 | _aExploring new frontiers of environment conservation: THe case of rubber plantation | |
| 260 | _bTropical Forestry Research: Challenges in the New Millennium. Proceedings of the International Symposium 2-4 August 2000. (Eds. R.V. Varma; K.V. Bhat; E.M. Muralidharan and J.K. Sharma). Kerala Forest Research Institute, Peechi, India. pp.267-272. | ||
| 500 | _aSource Year: 2001 | ||
| 650 | _aAfforestation | ||
| 650 | _aEnvironment conservation | ||
| 650 | _aHevea brasiliensis | ||
| 942 | _cJS | ||
| 999 |
_c59149 _d59149 |
||